Statistics for 50 Most Valuable German Players

Click here to take the quiz!

General Stats

  • This quiz has been taken 57 times
    (34 since last reset)
  • The average score is 28 of 50

Answer Stats

RankValue (€)ClubPlayer% Correct
1€90MBayern MunichJoshua Kimmich
100%
15€30MBayern MunichThomas Muller
96%
33€18MBayern MunichManuel Neuer
92%
2€70MChelseaKai Havertz
88%
7€55MChelseaTimo Werner
88%
16€30MReal MadridToni Kroos
88%
13€35MChelseaAntonio Rudiger
83%
10€40MManchester CityIlkay Gundogan
83%
8€55MFC BarcelonaMarc-Andre Ter Stegen
83%
4€70MBayern MunichLeon Goretzka
79%
6€60MBayern MunichLeroy Sane
79%
12€35MBayern MunichNiklas Sule
79%
5€65MBayer LeverkusenFlorian Wirtz
75%
9€50MBayern MunichJamal Musiala
75%
40€13MBorussia DortmundMarco Reus
75%
11€35MAtalantaRobin Gosens
75%
3€70MBayern MunichSerge Gnabry
75%
27€20MPSGJulian Draxler
67%
24€20MRB SalzburgKarim Adeyemi
63%
14€30MAS MonacoKevin Volland
63%
45€12MPSV EindhovenMario Gotze
63%
19€27MBorussia MonchengladbachMatthias Ginter
63%
22€25MPSGThilo Kehrer
63%
32€18MArsenalBernd Leno
58%
25€20MSL BenficaJulian Weigl
58%
46€12MBorussia DortmundMats Hummels
58%
20€26MBorussia DortmundEmre Can
54%
26€20MBorussia DortmundJulian Brandt
54%
18€27MRB LeipzigLukas Klostermann
54%
17€28MBorussia MonchengladbachFlorian Neuhaus
50%
37€16MBorussia MonchengladbachJonas Hofmann
46%
36€16MNapoliDiego Demme
42%
23€22MBayer LeverkusenJonathan Tah
42%
28€19MVFL WolfsburgMaximilian Arnold
42%
43€12MPSV EindhovenPhilipp Max
42%
21€25MVFL WolfsburgRidle Baku
42%
34€17MLeeds UnitedRobin Koch
42%
31€18MBayer LeverkusenKerem Demirbay
38%
39€13MSC FreiburgNico Schlotterbeck
38%
29€18MBorussia DortmundYoussoufa Moukoko
38%
41€12MVFL WolfsburgLukas Nmecha
29%
30€18MBorussia DortmundMahmoud Dahoud
29%
44€12MSC FreiburgChristian Gunter
25%
48€10MBrentfordVitaly Janelt
25%
42€12MVFL WolfsburgLuca Waldschmidt
21%
47€10MFenerbahceMergim Berisha
17%
35€16MFC AugsburgFelix Uduokhai
13%
38€15MBayer LeverkusenNadiem Amiri
13%
50€10MUnion BerlinMarvin Friedrich
8%
49€10MTSG HoffenheimDennis Geiger
0%

Score Distribution

Percentile by Number Answered

Percent of People with Each Score

Your Score History

You have not taken this quiz since the last reset